Witamy w Bibliotece Naukowej Instytutu Łączności!

Einfuehrung in die Mikrowellenphysik / (Rekord nr 7210)

000 -LEADER
fixed length control field 00304 a2200097 4500
100 1# - MAIN ENTRY--PERSONAL NAME
Personal name Klages, Gerhard.
Relator term Autor
245 0# - TITLE STATEMENT
Title Einfuehrung in die Mikrowellenphysik /
Statement of responsibility, etc Klages Gerhard.
250 ## - EDITION STATEMENT
Edition statement 2 Aufl..
260 ## - PUBLICATION, DISTRIBUTION, ETC. (IMPRINT)
Place of publication, distribution, etc Darmstadt :
Name of publisher, distributor, etc Steinkopf Verlag,
Date of publication, distribution, etc 1967.
300 ## - PHYSICAL DESCRIPTION
Extent 279 s.;
Dimensions 24 cm.
710 2# - ADDED ENTRY--CORPORATE NAME
Corporate name or jurisdiction name as entry element Steinkopf Verlag.
Relator term Wydawca
Relator code pbl
Egzemplarze
Withdrawn status Lost status Source of classification or shelving scheme Damaged status Not for loan Permanent Location Current Location Shelving location Date acquired Cost, normal purchase price Inventory number Full call number Barcode Date last seen Price effective from Koha item type
          Instytut Łączności Instytut Łączności Magazyn 1969-05-20 0.00 25070 25070 25070 2022-09-23 2017-11-30 Książki

Działa dzięki Koha